| 000 | 01720cam a22003614a 4500 | ||
|---|---|---|---|
| 001 | 13478246 | ||
| 003 | OSt | ||
| 005 | 20150408114150.0 | ||
| 008 | 040203s2004 gw a b 101 0 eng | ||
| 010 | _a 2004042931 | ||
| 020 | _a3540209689 (acidfree paper) | ||
| 040 |
_aDLC _cDLC _dDLC |
||
| 042 | _apcc | ||
| 050 | 0 | 0 |
_aTK5105.525 _b.D35 2003 |
| 082 | 0 | 0 |
_a004.65 _222 _bDBD |
| 111 | 2 |
_aDBISP2P 2003 _d(2003 : _cBerlin, Germany) _939654 |
|
| 245 | 1 | 0 |
_aDatabases, information systems, and peer-to-peer computing : _bfirst international workshop, DBISP2P 2003 : Berlin, Germany, September 7-8, 2003 : revised papers / _cKarl Aberer, Manolis Koubarakis, Vana Kalogeraki (eds.). |
| 260 |
_aBerlin ; _aNew York : _bSpringer, _c2004. |
||
| 300 |
_ax, 247 p. : _bill. ; _c24 cm. |
||
| 440 | 0 |
_aLecture notes in computer science, _x0302-9743, _v2944 _939655 |
|
| 504 | _aIncludes bibliographical references and index. | ||
| 650 | 0 |
_aPeer-to-peer architecture (Computer networks) _vCongresses. _939656 |
|
| 650 | 0 |
_aDatabase management _vCongresses. _93469 |
|
| 650 | 0 |
_aManagement information systems _vCongresses. _939657 |
|
| 700 | 1 |
_aAberer, Karl. _939658 |
|
| 700 | 1 |
_aKoubarakis, Manolis. _939659 |
|
| 700 | 1 |
_aKalogeraki, Vana, _d1973- _939660 |
|
| 711 | 2 |
_aInternational Conference on Very Large Data Bases _n(29th : _d2003 : _cBerlin, Germany) _939661 |
|
| 856 | 4 | 2 |
_3Publisher description _uhttp://www.loc.gov/catdir/enhancements/fy0818/2004042931-d.html |
| 906 |
_a7 _bcbc _corignew _d1 _eocip _f20 _gy-gencatlg |
||
| 942 |
_2ddc _cBOOK |
||
| 999 |
_c32011 _d266511 |
||